<?xml version="1.0" encoding="UTF-8"?>
<record
    xmlns:xsi="http://www.w3.org/2001/XMLSchema-instance"
    xsi:schemaLocation="http://www.loc.gov/MARC21/slim http://www.loc.gov/standards/marcxml/schema/MARC21slim.xsd"
    xmlns="http://www.loc.gov/MARC21/slim">

  <leader>01077nam a2200289 i 4500</leader>
  <controlfield tag="001">183694</controlfield>
  <controlfield tag="003">ES-MaACL</controlfield>
  <controlfield tag="005">20231219062542.0</controlfield>
  <controlfield tag="008">140924s2013    sp aco       |||| |dspa d</controlfield>
  <datafield tag="020" ind1=" " ind2=" ">
    <subfield code="a">9780986463624</subfield>
  </datafield>
  <datafield tag="080" ind1=" " ind2=" ">
    <subfield code="a">(=622.821.3)</subfield>
  </datafield>
  <datafield tag="080" ind1=" " ind2=" ">
    <subfield code="a">913(82)</subfield>
  </datafield>
  <datafield tag="100" ind1="1" ind2=" ">
    <subfield code="a">Abell&#xE1;n, Jos&#xE9; Luis,</subfield>
    <subfield code="d">1933-2023</subfield>
    <subfield code="9">176509</subfield>
  </datafield>
  <datafield tag="245" ind1="1" ind2="3">
    <subfield code="a">El mundo visto desde las ant&#xED;podas </subfield>
    <subfield code="b">: Aotearoa-Nueva Zelanda /</subfield>
    <subfield code="c">Jos&#xE9; Luis Abell&#xE1;n ; edici&#xF3;n y pr&#xF3;logo de Wendy-Llyn Zaza.</subfield>
  </datafield>
  <datafield tag="260" ind1=" " ind2=" ">
    <subfield code="a">Auckland (Nueva Zelanda) ; </subfield>
    <subfield code="a">Salamanca : </subfield>
    <subfield code="b">Ambosmundos, </subfield>
    <subfield code="c">[2013]</subfield>
  </datafield>
  <datafield tag="300" ind1=" " ind2=" ">
    <subfield code="a">115 p. : </subfield>
    <subfield code="b">il. col. ; </subfield>
    <subfield code="c">24 cm.</subfield>
  </datafield>
  <datafield tag="500" ind1=" " ind2=" ">
    <subfield code="a">Glosario.</subfield>
  </datafield>
  <datafield tag="504" ind1=" " ind2=" ">
    <subfield code="a">Referencias bibliogr&#xE1;ficas.</subfield>
  </datafield>
  <datafield tag="650" ind1=" " ind2="4">
    <subfield code="a">Maor&#xED;es (Pueblo neozeland&#xE9;s)</subfield>
    <subfield code="9">155597</subfield>
  </datafield>
  <datafield tag="651" ind1=" " ind2="4">
    <subfield code="a">Nueva Zelanda-</subfield>
    <subfield code="x">Descripci&#xF3;n.</subfield>
    <subfield code="9">155596</subfield>
  </datafield>
  <datafield tag="700" ind1="1" ind2=" ">
    <subfield code="a">Zaza, Wendy-Llyn.</subfield>
    <subfield code="9">155595</subfield>
  </datafield>
  <datafield tag="852" ind1=" " ind2=" ">
    <subfield code="a">ES-MaACL</subfield>
    <subfield code="j">A-13257</subfield>
    <subfield code="9">190641</subfield>
    <subfield code="b">R.150096</subfield>
    <subfield code="c">DEPO1</subfield>
    <subfield code="d">Olim: N-6257</subfield>
    <subfield code="h">Donante: Jos&#xE9; Luis Abell&#xE1;n</subfield>
  </datafield>
  <datafield tag="903" ind1=" " ind2=" ">
    <subfield code="a">Abell&#xE1;n, Jos&#xE9; Luis,</subfield>
    <subfield code="d">1933-2023</subfield>
    <subfield code="e">dnr</subfield>
    <subfield code="9">176509</subfield>
  </datafield>
  <datafield tag="942" ind1=" " ind2=" ">
    <subfield code="2">udc</subfield>
    <subfield code="c">MONOGRAFIA</subfield>
  </datafield>
  <datafield tag="999" ind1=" " ind2=" ">
    <subfield code="c">183694</subfield>
    <subfield code="d">183694</subfield>
  </datafield>
  <datafield tag="952" ind1=" " ind2=" ">
    <subfield code="0">0</subfield>
    <subfield code="1">0</subfield>
    <subfield code="2">udc</subfield>
    <subfield code="4">0</subfield>
    <subfield code="7">0</subfield>
    <subfield code="a">ATENEOM</subfield>
    <subfield code="b">ATENEOM</subfield>
    <subfield code="c">DEPO1</subfield>
    <subfield code="d">2014-09-24</subfield>
    <subfield code="e">DONACION</subfield>
    <subfield code="j">1</subfield>
    <subfield code="l">0</subfield>
    <subfield code="o">A-13257</subfield>
    <subfield code="p">1193119</subfield>
    <subfield code="r">2023-02-23 00:00:00</subfield>
    <subfield code="y">MONOGRAFIA</subfield>
  </datafield>
</record>
